Etude des mammiféres fossiles de Saint-Gérand le Puy (Allier) / (Record no. 54200)
[ view plain ]
| 000 -LEADER | |
|---|---|
| campo de control de longitud fija | 01010nam a22002535i 4500 |
| 001 - NÚMERO DE CONTROL | |
| campo de control | 54200 |
| 003 - IDENTIFICADOR DE NÚMERO DE CONTROL | |
| campo de control | ES-MaACL |
| 005 - FECHA Y HORA DE LA ÚLTIMA TRANSACCIÓN | |
| campo de control | 20250728063122.0 |
| 007 - CAMPO FIJO DE DESCRIPCIÓN FÍSICA--INFORMACIÓN GENERAL | |
| campo de control de longitud fija | t| |
| 008 - DATOS DE LONGITUD FIJA--INFORMACIÓN GENERAL | |
| campo de control de longitud fija | 960717s1879 fr a ||||1| fre d |
| 040 ## - FUENTE DE CATALOGACIÓN | |
| Centro catalogador/agencia de origen | CAM |
| Lengua de catalogación | spa |
| Centro/agencia transcriptor | CAM |
| 080 ## - NÚMERO DE LA CLASIFICACIÓN DECIMAL UNIVERSAL | |
| Número de la Clasificación Decimal Universal | 56:599 |
| 100 1# - ENTRADA PRINCIPAL--NOMBRE DE PERSONA | |
| Nombre de persona | Filhol, Henri, |
| Fechas asociadas al nombre | 1843-1902 |
| Término indicativo de función/relación | Autor |
| 9 (RLIN) | 50835 |
| 245 10 - MENCIÓN DEL TÍTULO | |
| Título | Etude des mammiféres fossiles de Saint-Gérand le Puy (Allier) / |
| Mención de responsabilidad, etc. | par H. Filhol |
| 260 ## - PUBLICACIÓN, DISTRIBUCIÓN, ETC. | |
| Lugar de publicación, distribución, etc. | Paris : |
| Nombre del editor, distribuidor, etc. | G. Masson, |
| Fecha de publicación, distribución, etc. | 1879 |
| Fabricante | (Imp. de E. Martinet) |
| 300 ## - DESCRIPCIÓN FÍSICA | |
| Extensión | [6], 252 páginas, [30] hojas de láminas ; |
| Dimensiones | 24 cm |
| 490 1# - MENCIÓN DE SERIE | |
| Mención de serie | Bibliothèque de l'Ecole des Hautes Etudes. Section des sciences naturelles ; |
| Designación de volumen o secuencia | T. XIX, article n. 1 |
| 650 #7 - PUNTO DE ACCESO ADICIONAL DE MATERIA--TÉRMINO DE MATERIA | |
| Término de materia o nombre geográfico como elemento de entrada | Mamíferos fósiles |
| Fuente del encabezamiento o término | embne |
| 9 (RLIN) | 241402 |
| 830 00 - PUNTO DE ACCESO ADICIONAL DE SERIE-TÍTULO UNIFORME | |
| Título uniforme | Bibliothèque de l'École des Hautes Études. Section des sciences naturelles |
| Designación de volumen o secuencia | T. XIX, article n. 1 |
| 9 (RLIN) | 181413 |
| 852 ## - LOCALIZACIÓN | |
| Ubicación | ES-MaACL |
| Ubicación en estantería | Sala Pecera Planta 3 |
| Número de control de estantería | G-11022(1) |
| Encuadernación | Encuadernado con otras obras |
| 942 ## - ELEMENTOS DE ENTRADA SECUNDARIOS (KOHA) | |
| Fuente del sistema de clasificación o colocación | Clasificación decimal universal |
| Tipo de ítem Koha | Libro impreso antiguo |
| Suprimir en OPAC | No |
| Estatus retirado | Estado de pérdida | Estado de daño | No para préstamo | Colección | Biblioteca de origen | Biblioteca actual | Ubicación en estantería | Fecha de adquisición | Fuente de adquisición | Total de préstamos | Signatura topográfica completa | Código de barras | Visto por última vez | Precio de reemplazo | Tipo de ítem Koha |
|---|---|---|---|---|---|---|---|---|---|---|---|---|---|---|---|
| Libros del s. XIX | Biblioteca del Ateneo de Madrid | Biblioteca del Ateneo de Madrid | Sala Pecera Planta 3 | 17/01/2008 | G-11022(1) | 1056959 | 23/02/2023 | 23/02/2023 | Libro impreso antiguo |
